Mecánica de fluidos aplicada

में बचाया:
ग्रंथसूची विवरण
मुख्य लेखक: Mott, Robert L. (autor)
स्वरूप: पुस्तक
भाषा:स्पेनिश
प्रकाशित: Ciudad de México Prentice Hall Hispanoamericana 1996
विषय:
टैग: टैग जोड़ें
कोई टैग नहीं, इस रिकॉर्ड को टैग करने वाले पहले व्यक्ति बनें!

MARC

LEADER 00000nam a2200000 a 4500
001 UCT0734
003 CL-VaPUC
005 20240723162559.0
008 960906e19960000MX |||||||||||||||||spa|d
999 |c 251459  |d 251457 
020 |a 9688805424 
040 |c Pontificia Universidad Católica de Valparaíso 
082 0 4 |a 620.106  |b MOT  |2 21 
100 |a Mott, Robert L.  |e autor  |9 359464 
245 1 0 |a Mecánica de fluidos aplicada 
260 |a Ciudad de México  |b Prentice Hall Hispanoamericana  |c 1996 
300 |a 580 p 
583 |a last modification  |c 20140410 11:00:46  |k Rodrigo Vera 
650 0 |a Mecánica de los fluidos   |2 CL-VaPUC  |9 369179  |x Principios   |v Problemas y ejercicios  
650 0 |a Fluidos  |9 259333  |x Propiedades, estática, flujo, etc. 
942 |c BK  |2 ddc 
945 |d 19960906 00:00:00  |a nastorga 
952 |0 0  |1 0  |2 ddc  |4 0  |6 620_106000000000000_MOT_1996  |7 0  |8 A  |9 270596  |a BIBING  |b BIBING  |c RES  |d 2019-11-19  |i 3245969  |l 1  |o 620.106 MOT 1996  |p 3245969  |r 2025-01-20  |s 2022-04-07  |w 2019-11-19  |y BK  |k EIQ 
952 |0 0  |1 0  |4 0  |6 620_106000000000000_MOT_1996  |7 0  |8 CCM  |9 270599  |a BIBCUR  |b BIBCUR  |d 2019-11-19  |i 3583104  |o 620.106 MOT 1996  |p 3583104  |r 2025-04-22  |w 2019-11-19  |y BK_R  |k RNT 
952 |0 0  |1 0  |4 0  |6 620_106000000000000_MOT_1996  |7 0  |8 CCM  |9 270600  |a BIBCUR  |b BIBCUR  |d 2019-11-19  |i 3626644  |o 620.106 MOT 1996  |p 3626644  |r 2025-04-22  |w 2019-11-19  |y BK_R  |k RNT 
952 |0 0  |1 0  |2 ddc  |4 0  |6 620_106000000000000_MOT_1996  |7 0  |8 A  |9 270603  |a BIBING  |b BIBING  |c RES  |d 2019-11-19  |i 3797171  |l 1  |o 620.106 MOT 1996  |p 3797171  |r 2025-01-20  |s 2023-05-05  |w 2019-11-19  |y BK  |k ING 
952 |0 0  |1 0  |2 ddc  |4 0  |6 620_106000000000000_MOT_1996  |7 0  |8 A  |9 270606  |a BIBING  |b BIBING  |c RES  |d 2019-11-19  |i 3899594  |l 5  |m 1  |o 620.106 MOT 1996  |p 3899594  |r 2025-01-20  |s 2023-03-30  |w 2019-11-19  |y BK  |k EIE 
952 |0 0  |1 0  |2 ddc  |4 0  |6 620_106000000000000_MOT_1996  |7 0  |8 A  |9 270607  |a BIBING  |b BIBING  |c RES  |d 2019-11-19  |i 3899608  |o 620.106 MOT 1996  |p 3899608  |r 2025-01-20  |w 2019-11-19  |y BK  |k EIE 
952 |0 0  |1 0  |2 ddc  |4 0  |6 620_106000000000000_MOT_1996  |7 0  |8 A  |9 270608  |a BIBING  |b BIBING  |c RES  |d 2019-11-19  |i 3899616  |l 2  |o 620.106 MOT 1996  |p 3899616  |r 2025-01-20  |s 2024-05-07  |w 2019-11-19  |y BK  |k EIE 
952 |0 0  |1 0  |2 ddc  |4 0  |6 620_106000000000000_MOT_1996  |7 0  |8 A  |9 270609  |a BIBING  |b BIBING  |c RES  |d 2019-11-19  |i 3899624  |o 620.106 MOT 1996  |p 3899624  |r 2025-01-20  |w 2019-11-19  |y BK  |k EIE 
952 |0 0  |1 0  |2 ddc  |4 0  |6 620_106000000000000_MOT_1996  |7 0  |8 A  |9 270610  |a BIBING  |b BIBING  |c RES  |d 2019-11-19  |i 3899632  |o 620.106 MOT 1996  |p 3899632  |r 2025-01-20  |w 2019-11-19  |y BK  |k EIE 
952 |0 0  |1 0  |2 ddc  |4 0  |6 620_106000000000000_MOT_1996  |7 0  |8 A  |9 270611  |a BIBING  |b BIBING  |c RES  |d 2019-11-19  |i 3899640  |o 620.106 MOT 1996  |p 3899640  |r 2025-01-20  |w 2019-11-19  |y BK  |k EIE 
952 |0 0  |1 0  |2 ddc  |4 0  |6 620_106000000000000_MOT_1996  |7 0  |8 A  |9 270612  |a BIBING  |b BIBING  |d 2019-11-19  |i 3899659  |o 620.106 MOT 1996  |p 3899659  |r 2025-01-20  |w 2019-11-19  |y BK  |k EIE 
952 |0 0  |1 0  |2 ddc  |4 0  |6 620_106000000000000_MOT_1996  |7 0  |8 A  |9 270613  |a BIBING  |b BIBING  |c RES  |d 2019-11-19  |i 3899667  |l 1  |o 620.106 MOT 1996  |p 3899667  |r 2025-01-20  |s 2022-04-08  |w 2019-11-19  |y BK  |k EIE 
952 |0 0  |1 0  |2 ddc  |4 0  |6 620_106000000000000_MOT_1996  |7 0  |8 A  |9 270614  |a BIBING  |b BIBING  |c RES  |d 2019-11-19  |i 3899675  |l 4  |o 620.106 MOT 1996  |p 3899675  |r 2025-01-20  |s 2022-10-17  |w 2019-11-19  |y BK  |k EIE 
952 |0 0  |1 0  |2 ddc  |4 0  |6 620_106000000000000_MOT_1996  |7 0  |8 A  |9 270615  |a BIBING  |b BIBING  |c RES  |d 2019-11-19  |i 3899683  |o 620.106 MOT 1996  |p 3899683  |r 2025-01-20  |w 2019-11-19  |y BK  |k EIE 
952 |0 0  |1 0  |2 ddc  |4 0  |6 620_106000000000000_MOT_1996  |7 0  |8 A  |9 270620  |a BIBING  |b BIBING  |c RES  |d 2019-11-19  |i 3972704  |l 4  |o 620.106 MOT 1996  |p 3972704  |r 2025-04-10  |s 2025-04-10  |w 2019-11-19  |y BK  |k EIQ 
952 |0 0  |1 0  |2 ddc  |4 0  |6 620_106000000000000_MOT_1996  |7 0  |8 A  |9 270621  |a BIBING  |b BIBING  |c RES  |d 2019-11-19  |i 3972712  |l 3  |o 620.106 MOT 1996  |p 3972712  |r 2025-01-20  |s 2023-11-16  |w 2019-11-19  |y BK  |k EIQ 
952 |0 0  |1 0  |2 ddc  |4 0  |6 620_106000000000000_MOT_1996  |7 0  |8 A  |9 270622  |a BIBING  |b BIBING  |c RES  |d 2019-11-19  |i 3983455  |o 620.106 MOT 1996  |p 3983455  |r 2025-01-20  |w 2019-11-19  |y BK  |k EIQ 
952 |0 0  |1 0  |2 ddc  |4 0  |6 620_106000000000000_MOT_1996  |7 0  |8 A  |9 270623  |a BIBING  |b BIBING  |c RES  |d 2019-11-19  |i 398334K  |l 10  |m 2  |o 620.106 MOT 1996  |p 398334K  |r 2025-01-20  |s 2024-08-05  |w 2019-11-19  |y BK  |k EIQ 
952 |0 0  |1 0  |2 ddc  |4 0  |6 620_106000000000000_MOT_1996  |7 0  |8 A  |9 270624  |a BIBING  |b BIBING  |c RES  |d 2019-11-19  |i 3983463  |o 620.106 MOT 1996  |p 3983463  |r 2025-01-20  |w 2019-11-19  |y BK  |k EIQ 
952 |0 0  |1 0  |2 ddc  |4 0  |6 620_106000000000000_MOT_1996  |7 0  |8 A  |9 270625  |a BIBING  |b BIBING  |c RES  |d 2019-11-19  |i 3983471  |l 2  |o 620.106 MOT 1996  |p 3983471  |r 2025-01-20  |s 2022-06-23  |w 2019-11-19  |y BK  |k EIQ 
952 |0 0  |1 0  |2 ddc  |4 0  |6 620_106000000000000_MOT_1996  |7 0  |8 A  |9 270626  |a BIBING  |b BIBING  |c RES  |d 2019-11-19  |i 398348K  |l 4  |m 1  |o 620.106 MOT 1996  |p 398348K  |r 2025-01-20  |s 2023-06-15  |w 2019-11-19  |y BK  |k EIQ 
952 |0 0  |1 0  |2 ddc  |4 0  |6 620_106000000000000_MOT_1996  |7 0  |8 A  |9 270627  |a BIBING  |b BIBING  |c RES  |d 2019-11-19  |i 3983498  |l 1  |o 620.106 MOT 1996  |p 3983498  |r 2025-01-20  |s 2024-06-25  |w 2019-11-19  |y BK  |k EIQ 
952 |0 0  |1 0  |2 ddc  |4 0  |6 620_106000000000000_MOT_1996  |7 0  |8 A  |9 270628  |a BIBING  |b BIBING  |c RES  |d 2019-11-19  |i 3983501  |l 4  |m 2  |o 620.106 MOT 1996  |p 3983501  |r 2025-01-20  |s 2023-11-20  |w 2019-11-19  |y BK  |k EIQ 
952 |0 0  |1 0  |2 ddc  |4 0  |6 620_106000000000000_MOT_1996  |7 0  |8 A  |9 270629  |a BIBING  |b BIBING  |c RES  |d 2019-11-19  |i 398351K  |l 5  |o 620.106 MOT 1996  |p 398351K  |r 2025-01-20  |s 2024-07-24  |w 2019-11-19  |y BK  |k EIQ 
952 |0 0  |1 0  |2 ddc  |4 0  |6 620_106000000000000_MOT_1996  |7 0  |8 A  |9 270630  |a BIBING  |b BIBING  |c RES  |d 2019-11-19  |i 429808K  |l 8  |m 1  |o 620.106 MOT 1996  |p 429808K  |r 2025-01-20  |s 2024-11-04  |w 2019-11-19  |y BK  |k CIC 
952 |0 0  |1 0  |2 ddc  |4 0  |6 620_106000000000000_MOT_1996  |7 0  |8 A  |9 270631  |a BIBING  |b BIBING  |c RES  |d 2019-11-19  |i 4298098  |l 7  |o 620.106 MOT 1996  |p 4298098  |r 2025-01-20  |s 2024-11-05  |w 2019-11-19  |y BK  |k CIC